00323nam a22001217a 4500020001800000040000900018082001500027100002300042245004200065260004300107300000900150650004200159 a9789693514322 cNUST a910.4bABB aAbbas Barmani, Dr  aEvrest Kay Dais Main; Safarnama Nepal aLAHOREbSang-E-Meel Publicationsc2003 b240P 2Urdu Literature-Travelogue. Safarnama